000
00254nam a2200109Ia 4500
005
20251222144645.0
008
251222s9999||||xx |||||||||||||| ||spa||
082
_a
230.046/I31
100
_a
Idígoras, José Luis
245
0
_a
Liberación:
942
_c
LIB
999
_c
16854
_d
16854